[Event "GER-chB Seniors 28th"]
[Site "Niederhausen"]
[Date "2016.08.15"]
[Round "3"]
[White "Ungar, Benedict"]
[Black "Merettig, Georg"]
[Result "0-1"]
[WhiteElo "1694"]
[BlackElo "1870"]
[PlyCount "94"]
[EventDate "2016.08.13"]
[EventType "swiss"]
[EventRounds "9"]
[EventCountry "GER"]
[SourceTitle "EXT 2019"]
[Source "ChessBase"]
[SourceDate "2018.10.10"]
[SourceVersion "1"]
[SourceVersionDate "2018.10.10"]
[SourceQuality "1"]

1. Nf3 Nc6 2. g3 f5 3. Bg2 e5 4. d4 e4 5. Ng1 d5 6. e3 b6 7. Nd2 Ba6 8. Ne2 Bd6 9. 0-0 Nf6 10. Re1 Qe7 11. a3 Nd8 12. c4 0-0 13. Qa4 Bb7 14. b4 c5 15. dxc5 bxc5 16. b5 Be5 17. Rb1 d4 18. exd4 cxd4 19. Nb3 Ne6 20. Nf4 Bxf4 21. Bxf4 g5 22. Bd2 Rfc8 23. Bb4 Qc7 24. c5 Re8 25. c6 Bc8 26. Ba5 Qe5 27. Bb6 Nd5 28. Bxd4 Qb8 29. Nc5 Nb6 30. Qb3 Kf8 31. Nxe6+ Bxe6 32. Qc3 Nd5 33. Qc5+ Kf7 34. f3 e3 35. f4 Nxf4 36. gxf4 gxf4 37. c7 Qc8 38. Bxa8 Qxa8 39. Qe5 Rg8+ 40. Qg7+ Rxg7+ 41. Bxg7 Kxg7 42. c8Q Qf3 43. Rbd1 Qf2+ 44. Kh1 Bxc8 45. Rg1+ Kf7 46. Rd5 Bb7 47. Rgd1 e2 0-1

[Event "Hessen-ch Seniors op 12th"]
[Site "Bad Sooden-Allendorf"]
[Date "2016.05.06"]
[Round "7"]
[White "Schwertel, Johann"]
[Black "Merettig, Georg"]
[Result "1-0"]
[WhiteElo "1981"]
[BlackElo "1856"]
[PlyCount "24"]
[EventDate "2016.04.30"]
[EventType "swiss"]
[EventRounds "9"]
[EventCountry "GER"]
[SourceTitle "EXT 2019"]
[Source "ChessBase"]
[SourceDate "2018.10.10"]
[SourceVersion "1"]
[SourceVersionDate "2018.10.10"]
[SourceQuality "1"]

1. d4 Nc6 2. Nf3 e6 3. e4 b6 4. c3 Bb7 5. Bd3 Nce7 6. 0-0 Ng6 7. Be3 Nf6 8. Nbd2 Ng4 9. Bg5 f6 10. Bh4 Nxh4 11. Nxh4 Nh6 12. g3 Qe7 1-0

[Event "Hessen-ch Seniors op 12th"]
[Site "Bad Sooden-Allendorf"]
[Date "2016.04.30"]
[Round "1"]
[White "Niebling, Ferdinand"]
[Black "Merettig, Georg"]
[Result "1-0"]
[WhiteElo "2129"]
[BlackElo "1856"]
[PlyCount "115"]
[EventDate "2016.04.30"]
[EventType "swiss"]
[EventRounds "9"]
[EventCountry "GER"]
[SourceTitle "EXT 2019"]
[Source "ChessBase"]
[SourceDate "2018.10.10"]
[SourceVersion "1"]
[SourceVersionDate "2018.10.10"]
[SourceQuality "1"]

1. d4 Nc6 2. Nf3 e6 3. e4 Nf6 4. Nc3 Bb4 5. Bd3 0-0 6. 0-0 a6 7. e5 Ne8 8. Bxh7+ Kh8 9. Bd3 g6 10. Qd2 Be7 11. Qh6+ Kg8 12. Ng5 Bxg5 13. Bxg5 Ne7 14. Bf6 Nxf6 15. exf6 Nf5 16. Bxf5 Qxf6 17. Bd3 Qxd4 18. Rad1 Qg7 19. Qxg7+ Kxg7 20. f4 d5 21. Be2 Rd8 22. Ne4 Bd7 23. Nc5 Bc6 24. b4 b5 25. Nb3 Rac8 26. Rf3 Ba8 27. Rc3 c6 28. Nc5 Rc7 29. Ra3 Re7 30. Rxa6 e5 31. Kf2 exf4 32. Nd3 Re4 33. Ra7 Rde8 34. Re1 Rc4 35. Bd1 Rce4 36. Rxe4 dxe4 37. Nxf4 g5 38. Nh5+ Kg6 39. Ke3 f5 40. g3 Rd8 41. Be2 Rb8 42. Ng7 Bb7 43. Ne6 Kf6 44. Nc5 Bc8 45. Rc7 Ke5 46. Rxc6 f4+ 47. gxf4+ gxf4+ 48. Kf2 Kd4 49. c3+ Kd5 50. Rh6 Bf5 51. Rh5 Rf8 52. Bg4 Ra8 53. Rxf5+ Kc4 54. Rxf4 Rxa2+ 55. Be2+ Kxc3 56. Rxe4 Kc2 57. Ke1 Ra8 58. Bxb5 1-0

[Event "Niedersachsen-ch op-B"]
[Site "Verden"]
[Date "2016.01.05"]
[Round "5"]
[White "Dettmer, Niels"]
[Black "Merettig, Georg"]
[Result "1/2-1/2"]
[WhiteElo "1703"]
[BlackElo "1841"]
[PlyCount "96"]
[EventDate "2016.01.03"]
[EventType "swiss"]
[EventRounds "7"]
[EventCountry "GER"]
[SourceTitle "EXT 2018"]
[Source "ChessBase"]
[SourceDate "2017.10.13"]
[SourceVersion "1"]
[SourceVersionDate "2017.10.13"]
[SourceQuality "1"]

1. d4 Nc6 2. Nf3 e6 3. Bf4 f5 4. e3 Nf6 5. Be2 Ne7 6. Nbd2 Ng6 7. Bg5 Be7 8. Ne5 d6 9. Nxg6 hxg6 10. Bf3 d5 11. c3 Qd6 12. Bf4 Qb6 13. Qb3 c6 14. Qxb6 axb6 15. Bc7 b5 16. Nb3 b4 17. Ba5 bxc3 18. Bxc3 g5 19. Nd2 b5 20. Nb3 g4 21. Be2 Ne4 22. 0-0 Nxc3 23. bxc3 Bd6 24. g3 g5 25. Kg2 Ra7 26. Rh1 e5 27. f3 gxf3+ 28. Bxf3 e4 29. Be2 f4 30. exf4 gxf4 31. gxf4 Bxf4 32. h4 Rg7+ 33. Kf1 Be3 34. a4 Rxh4 35. Bh5+ Rxh5 36. Rxh5 Bg4 37. Rh8+ Ke7 38. axb5 Rf7+ 39. Ke1 Bf2+ 40. Kd2 e3+ 41. Kd3 cxb5 42. Ra7+ Kf6 43. Rxf7+ Kxf7 44. Nc1 Ke7 45. Rb8 Bd7 46. Ke2 Bg4+ 47. Kd3 Bd7 48. Ke2 Bg4+ 1/2-1/2

[Event "Niedersachsen-ch op-B"]
[Site "Verden"]
[Date "2016.01.05"]
[Round "6"]
[White "Merettig, Georg"]
[Black "Grasser, Stefan"]
[Result "1-0"]
[WhiteElo "1841"]
[BlackElo "1767"]
[PlyCount "167"]
[EventDate "2016.01.03"]
[EventType "swiss"]
[EventRounds "7"]
[EventCountry "GER"]
[SourceTitle "EXT 2018"]
[Source "ChessBase"]
[SourceDate "2017.10.13"]
[SourceVersion "1"]
[SourceVersionDate "2017.10.13"]
[SourceQuality "1"]

1. Nc3 d5 2. e4 d4 3. Nce2 e5 4. d3 c5 5. f4 Nc6 6. Nf3 f6 7. Ng3 Bd6 8. f5 g6 9. Nh4 Nce7 10. Qf3 Qc7 11. Qf2 Bd7 12. Be2 0-0-0 13. 0-0 g5 14. Nf3 h5 15. Nd2 Be8 16. Nc4 b5 17. Nxd6+ Qxd6 18. Bd2 Nc6 19. Rfc1 Bf7 20. c3 Kb7 21. b4 cxb4 22. cxb4 Nge7 23. a4 a6 24. Rc5 Na7 25. axb5 Nxb5 26. Qe1 Rc8 27. Rac1 h4 28. Nf1 Rxc5 29. bxc5 Qb8 30. Bd1 Nc6 31. Ba4 Kc7 32. Ba5+ Kd7 33. Rb1 Qa8 34. Bxb5 axb5 35. Rxb5 Rb8 36. Bb6 Qa4 37. Rb1 Qc2 38. Rd1 Ra8 39. Qd2 Qb3 40. Qc1 Ra2 41. Rd2 Ra3 42. Kf2 Bh5 43. Qb2 Qxb2 44. Rxb2 Rxd3 45. Ra2 Bf7 46. Ra8 Rd1 47. h3 Bc4 48. Nh2 Rd2+ 49. Kg1 Be2 50. Rf8 d3 51. Rxf6 Nd4 52. Rd6+ Kc8 53. c6 Nxc6 54. Rxc6+ Kb7 55. Rd6 Rd1+ 56. Kf2 Rh1 57. f6 Bh5 58. Nf3 Rb1 59. Rxd3 Rxb6 60. Rd7+ Kc8 61. Re7 Rxf6 62. Rxe5 Bg6 63. Ke3 g4 64. hxg4 Ra6 65. Nxh4 Bf7 66. Kf4 Kd7 67. Nf5 Bb3 68. g5 Bg8 69. Rb5 Kc6 70. Nd4+ Kc7 71. g4 Rd6 72. Ke5 Rg6 73. Kf4 Rd6 74. Nf5 Rd1 75. Ra5 Rf1+ 76. Ke5 Kb7 77. g6 Rg1 78. Nh6 Bc4 79. Kf6 Rf1+ 80. Rf5 Rd1 81. g5 Rd8 82. Nf7 Rf8 83. Ke7 Rg8 84. Nd6+ 1-0

[Event "Schleswig Holstein-ch Seniors op 9th"]
[Site "Buesum"]
[Date "2015.09.30"]
[Round "3"]
[White "Berenstein, Alexander"]
[Black "Merettig, Georg"]
[Result "1-0"]
[WhiteElo "2030"]
[BlackElo "1880"]
[PlyCount "110"]
[EventDate "2015.09.28"]
[EventType "swiss"]
[EventRounds "9"]
[EventCountry "GER"]
[SourceTitle "EXT 2018"]
[Source "ChessBase"]
[SourceDate "2017.10.13"]
[SourceVersion "1"]
[SourceVersionDate "2017.10.13"]
[SourceQuality "1"]

1. d4 Nc6 2. Nf3 e6 3. g3 f5 4. Bg2 Nf6 5. 0-0 Ne7 6. c4 Ng6 7. a3 Be7 8. Nc3 0-0 9. Qc2 Nh5 10. Rd1 d6 11. e4 fxe4 12. Qxe4 d5 13. Qe2 Qe8 14. cxd5 exd5 15. Nxd5 Bd6 16. Qxe8 Rxe8 17. Be3 c6 18. Nc3 Bg4 19. Re1 Nf6 20. Nd2 h5 21. Nc4 Bc7 22. d5 Bd7 23. dxc6 Bxc6 24. Bxc6 bxc6 25. Bd4 a5 26. Bxf6 gxf6 27. Kf1 Ne5 28. Nxe5 Bxe5 29. Na4 Reb8 30. Re2 Rb3 31. Rc1 Re8 32. Rc5 h4 33. Rxa5 hxg3 34. hxg3 Rb5 35. Ra6 c5 36. Rc2 Bd4 37. b4 c4 38. Nc3 Rf5 39. f4 Kg7 40. Rd6 Be5 41. Rd7+ Kg6 42. Nd5 Ra8 43. Ne7+ Kf7 44. Nxf5+ Ke6 45. Rd1 Bb8 46. Nd4+ Kd5 47. Rc3 Ke4 48. Nb5 Ra6 49. Rxc4+ Kf3 50. Rd3+ Kg4 51. Kg2 Re6 52. f5+ Kxf5 53. Nd4+ Ke4 54. Nxe6+ Kxd3 55. Rc8 Be5 1-0

[Event "Hessen-ch Seniors op 11th"]
[Site "Bad Sooden-Allendorf"]
[Date "2015.05.09"]
[Round "1"]
[White "Haubt, Georg"]
[Black "Merettig, Georg"]
[Result "1/2-1/2"]
[WhiteElo "2214"]
[BlackElo "1884"]
[PlyCount "109"]
[EventDate "2015.05.09"]
[EventType "swiss"]
[EventRounds "9"]
[EventCountry "GER"]
[SourceTitle "EXT 2018"]
[Source "ChessBase"]
[SourceDate "2017.10.13"]
[SourceVersion "1"]
[SourceVersionDate "2017.10.13"]
[SourceQuality "1"]

1. d4 Nc6 2. Nf3 e6 3. Bf4 f5 4. d5 exd5 5. Qxd5 Nge7 6. Qb3 Ng6 7. Bd2 d5 8. e3 Bc5 9. Bb5 a6 10. Bxc6+ bxc6 11. Qc3 Qd6 12. Qxg7 Qe7 13. Bc3 Qxg7 14. Bxg7 Rg8 15. Bd4 Bd6 16. b3 Bb7 17. h4 f4 18. exf4 Nxf4 19. g3 Ne6 20. Bb2 0-0-0 21. Nbd2 c5 22. 0-0-0 d4 23. Rhe1 Rgf8 24. Rxe6 Bxf3 25. Nxf3 Rxf3 26. Rd2 Rdf8 27. Ree2 Kb7 28. Kd1 a5 29. Ke1 Bxg3 30. h5 R8f5 31. Kf1 Bf4 32. Rd3 Be3 33. Ke1 Bxf2+ 34. Kd1 Be3 35. c3 Rf1+ 36. Re1 Rxe1+ 37. Kxe1 Rxh5 38. cxd4 cxd4 39. Bxd4 Bxd4 40. Rxd4 Rh1+ 41. Kd2 h5 42. Kc3 h4 43. Kc4 Kc6 44. Rg4 h3 45. Rg6+ Kb7 46. Kb5 Rh2 47. a3 Rb2 48. b4 axb4 49. axb4 h2 50. Rh6 c6+ 51. Kc4 Kc7 52. Kc3 Rg2 53. Kc4 Kb6 54. Rh5 Rg4+ 55. Kc3 1/2-1/2